000 00595nam a2200133Ia 4500
005 20260209120149.0
008 260209s9999||||xx |||||||||||||| ||und||
100 _aK. Jyotsna
245 0 _aFrom precarity to predictability : fostering robust platform work – a study on the changing face of the relationship between employment and social security
260 _aBangaloreBangalore
_bNLSIU, Bangalore
_c2023 - 2024
300 _a56 p. ; 25 cm.
700 _aDr. Saurabh Bhattacharjee - SupervisorDr. Saurabh Bhattacharjee - Supervisor
856 _uhttps://dans.nls.ac.in/handle/123456789/2106
999 _c217670
_d217670